000 00542nam a22001937a 4500
005 20260506120720.0
008 260506b |||||||| |||| 00| 0 eng d
020 _a978-1-305-94741-2
082 _a658.403
_bRAG-S
100 _aRagsdale, Cliff
245 _aSpreadsheet Modeling and Decision Analysis
250 _a8th Ed
260 _aCenter Street Boston, MA 02210 USA
_bCengage Learning
_c2018
300 _a869 p.
500 _aIncludes index.
650 _aDecision-making in management
650 _amanagement
942 _cBK
999 _c47535
_d47535